000 00197 a2200097 4500
020 _a9780307950284
041 _aspa
100 _aisaacson,Walter
245 _aSteve Jobs la biografia
942 _cBK
999 _c11002
_d11002